Sabayala pilgn, Exile, sorcever (Record no. 235955)

MARC details
000 -LEADER
fixed length control field 00350pam a2200145 a 4500
020 ## - INTERNATIONAL STANDARD BOOK NUMBER
Terms of availability
041 ## - LANGUAGE CODE
Language code of original
082 ## - DEWEY DECIMAL CLASSIFICATION NUMBER
Classification number 750
Item number HOS
100 ## - MAIN ENTRY--PERSONAL NAME
Personal name Ranjit Hoskote.
245 ## - TITLE STATEMENT
Title Sabayala pilgn, Exile, sorcever
Remainder of title Sabayala
Medium Textual Documents
250 ## - EDITION STATEMENT
Edition statement 1998.
260 ## - PUBLICATION, DISTRIBUTION, ETC.
Place of publication, distribution, etc. [s.l]:
Name of publisher, distributor, etc. Eminence Designs Pvt. Bombay.
300 ## - PHYSICAL DESCRIPTION
Extent 184:
Other physical details Hard.
930 ## - EQUIVALENCE OR CROSS-REFERENCE-UNIFORM TITLE HEADING [LOCAL, CANADA]
Uniform title 2165
Holdings
Withdrawn status Lost status Damaged status Not for loan Collection Home library Current library Date acquired Source of acquisition Cost, normal purchase price Total Checkouts Full call number Barcode Date last seen Copy number Price effective from Koha item type
          College of Fine Arts, Pune College of Fine Arts, Pune 24/05/2007 Bhararti Sahakari Grahak Bhandar 1365.00   750 HOS FAP-2165 07/03/2023 1 07/03/2023 Book